000 00686nam a2200253Ia 4500
003 OSt
005 20221006143651.0
006 a|||||r|||| 00| 0
007 ta
008 221006b |||||||| |||| 00| 0 eng d
020 _cP5.10(each)
024 _a9,600
037 _cTextual
040 _aEASL
_cEASL
_beng
041 _2eng
_aeng
082 _aX.41.N69<-N49, L0-;2
100 _aPRYBYLA Jan S
_9256350
245 0 _aPolitical economy of Communist China
260 _aPennsylvania
_bInternational Textbook
_c1970
300 _a605p.
_ccm.
490 _v CEL
942 _hX.41.N69<-N49, L0-;2
_cTEXL
_2CC
999 _c1077686
_d1077686